000 00504nam a22001697a 4500
999 _c8466
_d8466
008 201125b ||||| |||| 00| 0 eng d
040 _aBMS College of Architecture
100 _aV, Rakshantha
245 _aExperience center for art,Thanjavur
300 _a73p.
500 _a1BM14AT076
502 _8B,Arch
_NBMS College of Architecture, Visvesvaraya Technological University (VTU)
_aProject report
_d2018
650 _aArt
700 _aSachin Shetty
_eGuide
700 _aMamtha
942 _2ddc
_cTHE